000 00440nam a2200169 i 4500
001 26109
003 ES-MaACL
005 20230906153404.0
007 t|
008 030107s1925 pr ||||1| spa d
100 1 _aArnold, Mario.
_923110
245 1 0 _aLluvia de besos /
_cMario Arnold.
250 _a3ยช ed.
260 _aSan Juan de Puerto Rico :
_bEdit. Fraternidad,
_c1925.
300 _a111 p. ;
_c16 cm.
852 _aES-MaACL
_jF-440
999 _c26109
_d26109